Le guide de l'école (Record no. 11357)

MARC details
000 -LEADER
fixed length control field 00653nam a2200229 4500
008 - FIXED-LENGTH DATA ELEMENTS--GENERAL INFORMATION
fixed length control field b xx# fre u
010 ## - LIBRARY OF CONGRESS CONTROL NUMBER
LC control number 47916
020 ## - INTERNATIONAL STANDARD BOOK NUMBER
International Standard Book Number 2226087214
020 ## - INTERNATIONAL STANDARD BOOK NUMBER
International Standard Book Number 9782226087218
040 ## - CATALOGING SOURCE
Original cataloging agency LB-BrCRDP
082 ## - DEWEY DECIMAL CLASSIFICATION NUMBER
Classification number 371.4/N335g
100 1# - MAIN ENTRY--PERSONAL NAME
Personal name Nazé, Yves
130 0# - MAIN ENTRY--UNIFORM TITLE
Language of a work FR
245 10 - TITLE STATEMENT
Title Le guide de l'école
Statement of responsibility, etc. Yves Nazé avec la collab. de Jean- Louis Duguet...[et autres]
260 ## - PUBLICATION, DISTRIBUTION, ETC.
Place of publication, distribution, etc. Paris
Name of publisher, distributor, etc. A. Michel
Date of publication, distribution, etc. 1997
300 ## - PHYSICAL DESCRIPTION
Extent 383p.
Other physical details ill. ;
Dimensions 25cm.
500 ## - GENERAL NOTE
General note Index à la fin du livre.
650 ## - SUBJECT ADDED ENTRY--TOPICAL TERM
Topical term or geographic name entry element Orientation scolaire.
700 10 - ADDED ENTRY--PERSONAL NAME
Personal name Duguet, Jean-Louis, collab.
942 ## - ADDED ENTRY ELEMENTS (KOHA)
Koha item type Books
Holdings
Withdrawn status Lost status Source of classification or shelving scheme Damaged status Not for loan Home library Current library Shelving location Date acquired Total Checkouts Full call number Barcode Date last seen Copy number Price effective from Koha item type
    Dewey Decimal Classification     مكتبة المطبعة - سن الفيل مكتبة المطبعة - سن الفيل Salle de Lecture 07/27/2016   371.4 N335g CRF001530 07/27/2016 1 07/27/2016 Books